000 00470nam a2200193Ia 4500
008 170918s9999 xx 000 0 und d
020 _a9780590132083
050 _bP762 1994
100 _aPolacco, Patricia
245 _aMy rotten redhead older brother /
245 _cby Patricia Polacco.
260 _aNew York :
260 _bScholastic,
260 _c1994
300 _aunpaged :
300 _bcolored illustration ;
300 _c27cm.
500 _a480
999 _c343050
_d343050